000 01915nam a22003374i 4500
999 _c64386
_d64386
001 768714001
003 CO-MdFUSB
005 20180815083526.0
008 180808t1969 sp ||||| |||| 00| 0 spa d
040 _aCO-MdFUSB
_bspa
_cCO-MdFUSB
_dCO-MdFUSBC
_erda
041 _aspa
082 _223
_a223.707
_bL972
100 _aLussier, Ernesto
_eautor
240 _aOld Testament Reading Gude : The book of Proverrbs and The Book of Sirach
245 _aLos libros de los Proverbios y del Eclesiástico
_c/ Ernesto Lussier ; traductor Antonio Diego
264 1 _aEspaña :
_bSalterrae,
_c℗[1969].
264 4 _c©1969.
300 _a184 páginas
_c; 17 cm
336 _2rdacontent
_atexto
_btxt
337 _2rdamedia
_asin mediación
_bn
338 _2rdacarrier
_avolumen
_bnc
490 1 _aConoce la biblia : Antiguo Testamento.
504 _aIntroducción -- Texto y comentario -- La naturaleza y la excelencia de la sabiduría -- (1,1-9,18) -- Primera colección salomónica (10,1-22,16) -- Dichos de los sabios (22,17-24,22) -- Dichos de los sabios (24,23-34) -- Segunda colección salomónica (25,1,-29,27) -- Las palabras de Agur (30,1-14) -- Dichos numéricos (30,15-33) -- Las palabras de Lemuel (31,1-9) -- Retrato de la mujer ideal (31,10-31) -- Introducción -- Texto y comentario -- Pasajes de los Proverbios que se leen en las epístolas de la misa -- Pasajes de los Proverbios que se leen en el breviario -- Pasajes del Eclesiástico que se leen en las epístolas de la misa -- Pasajes del eclesiástico que se leen en el breviario -- Temas para repaso y discusión -- Abreviaturas.
505 _tEl libro de los Proverbios. --
_tEl libro del Eclesiástico.
563 _aTapa rústica
630 0 7 _aBiblia.
_pEclesiástico
630 0 7 _aBiblia.
_pProverbios
700 _aDiego, Antonio
_etraductor
_91308
830 _aConoce la Biblia : Antiguo Testamento
_vNo. 24
942 _cBK